Kde sú krídla, kde sú očká

Bibliographic Details
Main Author: Kenda, Milan, 1937- (Author)
Format: Article
Language:Slovak
Subjects:

MARC

LEADER 00000nab a2200000 a 4500
001 vtls009170040
003 SK-MaSNL
005 20260303055207.0
008 080102 2007 xo m 000 0 slo
015 |a SNBRB2008/01 
038 |a KEKMK 
040 |a KEKMK  |b slo  |c KEKMK  |e AACR2 
041 |a slo 
044 |a xo  |c SK 
080 |a 82-93  |2 2001 
100 1 |a Kenda, Milan,  |d 1937-  |4 aut  |9 13417 
245 1 0 |a Kde sú krídla, kde sú očká  |c Milan Kenda 
650 0 7 |a literatúra pre deti a mládež  |2 kekmk  |9 21893 
773 0 |t Superohník : časopis pre dievčatá a chlapcov ZŠ  |g Roč.[12], č.03 november(2007/2008), s.4  |x 0139-8911 
852 |a KEKMK  |b KIS3G 
958 |a DB 
958 |a LX 
999 |c 1726321  |d 1728251